| 000 | 00563nam a2200217Ia 4500 | ||
|---|---|---|---|
| 003 | OSt | ||
| 005 | 20220926045601.0 | ||
| 006 | a|||||r|||| 00| 0 | ||
| 007 | ta | ||
| 008 | 220923b |||||||| |||| 00| 0 eng d | ||
| 037 | _cGeneral Book | ||
| 040 |
_aRTL _cRTL _beng |
||
| 041 |
_2eng _aeng |
||
| 082 | _aV657:2:N5, J5;K3 | ||
| 100 |
_aAptery David E _9350373 |
||
| 245 | 0 | _aGhana in transition | |
| 260 | _c1955 | ||
| 650 |
_aAfrica History _920294 |
||
| 942 |
_hV657:2:N5, J5;K3 _cGB _2CC |
||
| 999 |
_c677978 _d677978 |
||